000 00492cam a2200205ua 4500
001 8453
008 150130n ii |||gr||||Z||||||eng
020 _a9788130919041
040 _cMAIN
041 _aeng
082 _a820
100 _aMcleod, J.,
_eAuthor.
245 1 _aBeginning postcolonialism
_cBy John Mcleod
250 _a1st.
260 _aNew Delhi:
_bViva,
_c2011.
300 _a274p.
653 _aEnglish.& Old English literatures
653 _aPostcolonialism
942 _cBK
999 _c7561
_d7561